| 000 -ლიდერი |
| ფიქსირებული სიგრძის საკონტროლო ველი |
02550nam a22003017a 4500 |
| 003 - საკონტროლო ნომრის იდენტიფიკატორი |
| საკონტროლო ველი |
Ge_BSU |
| 005 - ბოლო ოპერაციის თარიღი და დრო |
| საკონტროლო ველი |
20220615123506.0 |
| 008 - ფიქსირებული სიგრძის მონაცემთა ელემენტები - ზოგადი ინფორმაცია |
| ფიქსირებული სიგრძის საკონტროლო ველი |
220615s2021 ge ||||| |||| 00| 0 geo d |
| 020 ## - წიგნის საერთაშორისო სტანდარტული ნომერი |
| International Standard Book Number |
9789941831089 |
| 041 ## - ენის კოდი |
| Language code of text/sound track or separate title |
geo |
| 080 ## - უნივერსალური ათობითი კლასიფიკაციის ინდექსი |
| Universal Decimal Classification number |
94(479.22)''1918.05''+316.42(479.22)+ 008(479.22) ი-59 |
| 245 ## - ცნობა სათაურის შესახებ |
| Title |
ინიციატივა ცვლილებისათვის : |
| Remainder of title |
სათემო და სამოქალაქო სოლიდარობის მაგალითები საქართველოში საბჭოთა ოკუპაციამდე. წიგნი 3 / |
| Statement of responsibility, etc |
მკვლევართა გუნდი: ირაკლი ირემაძე, რუსიკო კობახიძე, ბადრი ოყუჯავა, ირაკლი ხვადაგიანი ; ინგლისური თარგმანი ნათია ნადირაძე ; დიზაინი მანანა არაბული. |
| 264 ## - წარმოების, გამოცემის, დისტრიბუციის და სხვა ცნობები |
| გამოცემის, წარმოების, დისტრიბუციის... ადგილი |
თბილისი : |
| გამოცემის, წარმოების, დისტრიბუციის... სახელწოდება |
სათემო განვითარების ცენტრი, |
| გამოცემის, წარმოების, დისტრიბუციის... თარიღი |
2021. |
| 300 ## - ფიზიკური აღწერა |
| Extent |
176 გვ. ; |
| Other physical details |
26 სმ. |
| 500 ## - ზოგადი შენიშვნა |
| General note |
ყდაზე: ჭიათურის სცენის მოყვარულთა დასი, 1900-იანი წლების დასაწყისში. |
| 501 ## - შენიშვნა თანმხლებ მასალაზე |
| With note |
1 სტატია ინგლისურ ენაზე. |
| 504 ## - BIBLIOGRAPHY, ETC. NOTE |
| Bibliography, etc |
ბიბლიოგრაფია ტექსტის შენიშვნებში. |
| 653 ## - INDEX TERM--UNCONTROLLED |
| Uncontrolled term |
საქართველოს დემოკრატიული რესპუბლიკა. |
| 653 ## - INDEX TERM--UNCONTROLLED |
| Uncontrolled term |
სოციალური ცვლილებები საქართველოში. |
| 653 ## - INDEX TERM--UNCONTROLLED |
| Uncontrolled term |
ქართული კულტურა. |
| 700 ## - ADDED ENTRY--PERSONAL NAME |
| Personal name |
მარგველაშვილი, ანა |
| Relator term |
ავტორი, პროექტის ხელმძღვანელი |
| 9 (RLIN) |
14091 |
| 700 ## - ADDED ENTRY--PERSONAL NAME |
| Personal name |
ხვადაგიანი, ირაკლი |
| Relator term |
ავტორი |
| 9 (RLIN) |
13433 |
| 700 ## - ADDED ENTRY--PERSONAL NAME |
| Personal name |
ირემაძე, ირაკლი და სხვ. |
| Relator term |
ავტორი |
| 9 (RLIN) |
14094 |
| 700 ## - ADDED ENTRY--PERSONAL NAME |
| Personal name |
ნადირაძე, ნათია |
| Relator term |
მთარგმნელი |
| 9 (RLIN) |
4227 |
| 700 ## - ADDED ENTRY--PERSONAL NAME |
| Personal name |
არაბული, მანანა |
| Relator term |
დიზაინერი |
| 9 (RLIN) |
14095 |
| 856 ## - ELECTRONIC LOCATION AND ACCESS |
| Uniform Resource Identifier |
https://droa.ge/wp-content/uploads/2022/04/%E1%83%A2%E1%83%94%E1%83%A1%E1%83%A2%E1%83%98.pdf |
| Link text |
ელ. ვერსია. pdf |
| 942 ## - ADDED ENTRY ELEMENTS (KOHA) |
| Source of classification or shelving scheme |
|
| Koha item type |
წიგნი |